<?xml version="1.0" encoding="UTF-8"?>
<record
    xmlns:xsi="http://www.w3.org/2001/XMLSchema-instance"
    xsi:schemaLocation="http://www.loc.gov/MARC21/slim http://www.loc.gov/standards/marcxml/schema/MARC21slim.xsd"
    xmlns="http://www.loc.gov/MARC21/slim">

  <leader>00477nam a22001457a 4500</leader>
  <controlfield tag="005">20251125100630.0</controlfield>
  <controlfield tag="008">251125b        |||||||| |||| 00| 0 eng d</controlfield>
  <datafield tag="020" ind1=" " ind2=" ">
    <subfield code="a">978-1-4067-9690-3</subfield>
  </datafield>
  <datafield tag="100" ind1=" " ind2=" ">
    <subfield code="a">WIDDICOMBE, KAREN</subfield>
  </datafield>
  <datafield tag="245" ind1=" " ind2=" ">
    <subfield code="a">THE ALL ENGLAND LAW REPORTS 2015</subfield>
  </datafield>
  <datafield tag="260" ind1=" " ind2=" ">
    <subfield code="a">LONDON</subfield>
    <subfield code="b">LEXISNEXIS</subfield>
    <subfield code="c">2015</subfield>
  </datafield>
  <datafield tag="300" ind1=" " ind2=" ">
    <subfield code="a">XIX, 1174P.</subfield>
  </datafield>
  <datafield tag="650" ind1=" " ind2=" ">
    <subfield code="a">1. LAW REPORTS, DIGESTS, ETC - ENGLAND AND WALES 2.LAW -ENGLAND AND WALES - CASES 3. COURTS -ENGLAND AND WALES</subfield>
  </datafield>
  <datafield tag="942" ind1=" " ind2=" ">
    <subfield code="2">lcc</subfield>
    <subfield code="c">REF</subfield>
  </datafield>
  <datafield tag="999" ind1=" " ind2=" ">
    <subfield code="c">216274</subfield>
    <subfield code="d">216274</subfield>
  </datafield>
  <datafield tag="952" ind1=" " ind2=" ">
    <subfield code="0">0</subfield>
    <subfield code="1">0</subfield>
    <subfield code="2">lcc</subfield>
    <subfield code="4">0</subfield>
    <subfield code="6">KD0288 A45  02015</subfield>
    <subfield code="7">0</subfield>
    <subfield code="8">LAW</subfield>
    <subfield code="9">373636</subfield>
    <subfield code="a">KSUL</subfield>
    <subfield code="b">KSUL</subfield>
    <subfield code="c">DISPLAY</subfield>
    <subfield code="d">2025-11-25</subfield>
    <subfield code="i">110123</subfield>
    <subfield code="l">0</subfield>
    <subfield code="o">KD 288 .A45 2015</subfield>
    <subfield code="p">000000002938</subfield>
    <subfield code="r">2025-11-25 10:08:39</subfield>
    <subfield code="t">C.1</subfield>
    <subfield code="w">2025-11-25</subfield>
    <subfield code="y">REF</subfield>
  </datafield>
  <datafield tag="952" ind1=" " ind2=" ">
    <subfield code="0">0</subfield>
    <subfield code="1">0</subfield>
    <subfield code="2">lcc</subfield>
    <subfield code="4">0</subfield>
    <subfield code="6">KD0288 A45  02015</subfield>
    <subfield code="7">0</subfield>
    <subfield code="8">LAW</subfield>
    <subfield code="9">373637</subfield>
    <subfield code="a">KSUL</subfield>
    <subfield code="b">KSUL</subfield>
    <subfield code="c">DISPLAY</subfield>
    <subfield code="d">2025-11-25</subfield>
    <subfield code="i">110124</subfield>
    <subfield code="l">0</subfield>
    <subfield code="o">KD 288 .A45 2015</subfield>
    <subfield code="p">000000002937</subfield>
    <subfield code="r">2025-11-25 10:08:00</subfield>
    <subfield code="t">C.2</subfield>
    <subfield code="w">2025-11-25</subfield>
    <subfield code="y">REF</subfield>
  </datafield>
  <datafield tag="952" ind1=" " ind2=" ">
    <subfield code="0">0</subfield>
    <subfield code="1">0</subfield>
    <subfield code="2">lcc</subfield>
    <subfield code="4">0</subfield>
    <subfield code="6">KD0288 A45  02015</subfield>
    <subfield code="7">0</subfield>
    <subfield code="8">LAW</subfield>
    <subfield code="9">373638</subfield>
    <subfield code="a">KSUL</subfield>
    <subfield code="b">KSUL</subfield>
    <subfield code="c">DISPLAY</subfield>
    <subfield code="d">2025-11-25</subfield>
    <subfield code="i">110125</subfield>
    <subfield code="l">0</subfield>
    <subfield code="o">KD 288 .A45 2015</subfield>
    <subfield code="p">000000002936</subfield>
    <subfield code="r">2025-11-25 10:08:00</subfield>
    <subfield code="t">C.3</subfield>
    <subfield code="w">2025-11-25</subfield>
    <subfield code="y">REF</subfield>
  </datafield>
  <datafield tag="952" ind1=" " ind2=" ">
    <subfield code="0">0</subfield>
    <subfield code="1">0</subfield>
    <subfield code="2">lcc</subfield>
    <subfield code="4">0</subfield>
    <subfield code="6">KD0288 A45  02015</subfield>
    <subfield code="7">0</subfield>
    <subfield code="8">LAW</subfield>
    <subfield code="9">373639</subfield>
    <subfield code="a">KSUL</subfield>
    <subfield code="b">KSUL</subfield>
    <subfield code="c">DISPLAY</subfield>
    <subfield code="d">2025-11-25</subfield>
    <subfield code="i">110126</subfield>
    <subfield code="l">0</subfield>
    <subfield code="o">KD 288 .A45 2015</subfield>
    <subfield code="p">000000002935</subfield>
    <subfield code="r">2025-11-25 10:08:00</subfield>
    <subfield code="t">C.4</subfield>
    <subfield code="w">2025-11-25</subfield>
    <subfield code="y">REF</subfield>
  </datafield>
</record>
